000 00703nam a2200289Ia 4500
005 20260324123922.0
008 008 260324s9999 xx 000 0 eng d
020 _a9781315600949
037 _aEBOOK
040 _aCRL
040 _beng
040 _cCRL
041 _2eng
041 _aeng
084 _qCRL
100 _aBetsy Winakur Tontiplaphol
_91172153
245 0 _aPoetics of Luxury in the Nineteenth Century
245 0 _bKeats, Tennyson, and Hopkins
260 _bTaylor and Francis
260 _c2011
365 _a
365 _b240
856 _uhttp://www.taylorfrancis.com/books/9781315600949
942 _cEBOOK
999 _c1766081
_d1766081